Distinción Profesor Emérito. Discursos académicos. Ceremonia en que la Universidad de Chile otorgó la distinción académica Profesor Emérito al Excmo. señor Presidente de la República, don Ricardo Lagos Escobar y la Facultad de Derecho inauguró su año académico 2005

Gorde:
Xehetasun bibliografikoak
Formatua: Liburua
Hizkuntza:gaztelania
Argitaratua: Santiago Facultad de Derecho. Universidad de Chile 2005
Gaiak:
Etiketak: Etiketa erantsi
Etiketarik gabe, Izan zaitez lehena erregistro honi etiketa jartzen!

MARC

LEADER 00000cam a2200000 a 4500
001 UCG1693
003 CL-VaPUC
008 100513e20050300CL |||||||||||||||||spa|d
082 0 4 |a 378.001  |b DIS  |2 21 
245 1 0 |a Distinción Profesor Emérito. Discursos académicos. Ceremonia en que la Universidad de Chile otorgó la distinción académica Profesor Emérito al Excmo. señor Presidente de la República, don Ricardo Lagos Escobar y la Facultad de Derecho inauguró su año académico 2005 
300 |a 31 p 
942 |c BK 
945 |d 20100513 00:00:00  |a dcastane 
260 |a Santiago  |b Facultad de Derecho. Universidad de Chile  |c 2005 
650 0 |a Discursos académicos   |9 472395 
650 0 |a Educación superior   |9 223851 
583 |a last modification  |c 20190402 12:45:24  |k Rodrigo Vera 
999 |c 340967  |d 340965 
952 |0 0  |1 0  |3 erb  |4 0  |6 378_001000000000000_DIS_2005  |7 0  |8 ED_SUP  |9 436146  |a BIBGIM  |b BIBGIM  |c S_PSTGRDO  |i 4672186  |o 378.001 DIS 2005  |p 4672186  |r 2025-01-15  |w 2019-11-22  |y BK  |z Catalogado en:20180323  |k ESU